Statistiche per 20 Fiumi più lunghi d'Italia su una mappa

Clicka qui per fare il quiz!

Statistiche generali

  • Questo quiz è stato fatto 36 volte
  • Il punteggio medio è 11 su 20

Risposte nella Mappa

Le risposte nella mappa del quiz sottostante sono codificate secondo una scala di colori dal rosso al verde in base alla % di persone che hanno risposto correttamente.
 

Statistiche sulle risposte

lunghezza (km)Fiume% Corretto
241Arno
100%
652Po
100%
405Tevere
96%
410Adige
93%
220Piave
79%
170Tagliamento
75%
210Reno
64%
175Volturno
57%
174Brenta
54%
140Isonzo
46%
145Alterno-Pescara
43%
158Liri-Galigliano
43%
170Ofanto
43%
161Ombrone
43%
127Flumendosa
39%
149Basento
36%
153Tirso
32%
144Imera meridionale-Salso
25%
136Agri
21%
126Savio
14%

Distribuzione punteggi

Percentile per numero di risposta

Percentuale di utenti per punteggio

I tuoi punteggi nel tempo

Non hai fatto questo quiz